Подразделения милиции по охране объектов народного хозяйства (Запись № 6350589)

Подробности
000 -МАРКЕР
контрольное поле 01106nam0a22002531 4500
001 - ИДЕНТИФИКАТОР ЗАПИСИ
контрольное поле rc\3222140
005 - ИДЕНТИФИКАТОР ВЕРСИИ
контрольное поле 20250530103915.0
035 ## - ДРУГИЕ СИСТЕМНЫЕ НОМЕРА
Идентификатор записи (NLR Aleph) 007365318
100 ## - ДАННЫЕ ОБЩЕЙ ОБРАБОТКИ
Данные общей обработки 20130115d1969 |||y0rusy50 ca
101 0# - ЯЗЫК РЕСУРСА
Язык текста, звукозаписи и т.д. русский
102 ## - СТРАНА ПУБЛИКАЦИИ ИЛИ ПРОИЗВОДСТВА
Страна публикации Российская Федерация
105 ## - ПОЛЕ КОДИРОВАННЫХ ДАННЫХ: ТЕКСТОВЫЕ МАТЕРИАЛЫ, МОНОГРАФИЧЕСКИЕ
Кодированные данные о монографическом текстовом документе y z |||||
200 1# - ЗАГЛАВИЕ И СВЕДЕНИЯ ОБ ОТВЕТСТВЕННОСТИ
Основное заглавие Подразделения милиции по охране объектов народного хозяйства
Сведения, относящиеся к заглавию Учеб. пособие для учеб. пунктов МВД СССР
Первые сведения об ответственности Под ред. канд. юрид. наук И.П. Цвелодуба
Последующие сведения об ответственности М-во внутр. дел СССР. Упр. учеб. заведений. Учеб.-метод. кабинет
210 ## - ПУБЛИКАЦИЯ, РАСПРОСТРАНЕНИЕ И ДР.
Место издания, распространения и т.д. Москва
Имя издателя, распространителя и т. д. Б. и.
Дата издания, распространения и т.д. 1969
215 ## - ФИЗИЧЕСКАЯ ХАРАКТЕРИСТИКА
Специфическое обозначение материала и объем 42 с.
Размеры 20
333 ## - ПРИМЕЧАНИЯ ОБ ОСОБЕННОСТЯХ РАСПРОСТРАНЕНИЯ И ИСПОЛЬЗОВАНИЯ
Текст примечания Для служебного пользования. Экз. № 3996
700 #1 - ИМЯ ЛИЦА - ПЕРВИЧНАЯ ОТВЕТСТВЕННОСТЬ
Начальный элемент ввода Журбенко
Часть имени, кроме начального элемента ввода Р.В.
Расширение инициалов личного имени Роман Вениаминович
701 #1 - ИМЯ ЛИЦА - АЛЬТЕРНАТИВНАЯ ОТВЕТСТВЕННОСТЬ
Начальный элемент ввода Цвелодуб
Часть имени, кроме начального элемента ввода И.П.
Расширение инициалов личного имени Иван Петрович
Код отношения Редактор
801 #0 - ИСТОЧНИК ЗАПИСИ
Страна Российская Федерация
Организация NLR
Правила каталогизации psbo
801 #1 - ИСТОЧНИК ЗАПИСИ
Страна Российская Федерация
Организация ELAR
Источник данных rusmarc
852 ## - МЕСТОНАХОЖДЕНИЕ И ШИФР ХРАНЕНИЯ
Идентификатор организации NLR
Шифр хранения (Call Number) 50К/21934
942 ## - ДОПОЛНИТЕЛЬНЫЕ ЭЛЕМЕНТЫ ЗАПИСИ (АБИС)
Тип экземпляра АБИС Книга
980 ## - КОЛЛЕКЦИЯ
Название коллекции Национальная библиография
Экземпляры
Тип экземпляра Дата поступления Библиотека постоянного хранения Библиотека текущего хранения Место хранения Шифр хранения Штрих-код Статус экземпляра
Книга 26.10.2013 РНБ (Московский) РНБ (Московский) Фонд литературы для служебного пользования 50К/21934 7365318-10